L'Art (Record no. 5050)
[ view plain ]
| 000 -LEADER | |
|---|---|
| campo de control de longitud fija | 01486npm a2200229 i 4500 |
| 001 - NÚMERO DE CONTROL | |
| campo de control | 5050 |
| 003 - IDENTIFICADOR DE NÚMERO DE CONTROL | |
| campo de control | ES-MaACL |
| 005 - FECHA Y HORA DE LA ÚLTIMA TRANSACCIÓN | |
| campo de control | 20230908113835.0 |
| 007 - CAMPO FIJO DE DESCRIPCIÓN FÍSICA--INFORMACIÓN GENERAL | |
| campo de control de longitud fija | hzrazu bucu |
| 008 - DATOS DE LONGITUD FIJA--INFORMACIÓN GENERAL | |
| campo de control de longitud fija | 890322r19891875fr a a 00110 fre d |
| 080 ## - NÚMERO DE LA CLASIFICACIÓN DECIMAL UNIVERSAL | |
| Número de la Clasificación Decimal Universal | 7(05)(443.6) |
| 080 ## - NÚMERO DE LA CLASIFICACIÓN DECIMAL UNIVERSAL | |
| Número de la Clasificación Decimal Universal | 05(44) |
| 245 02 - MENCIÓN DEL TÍTULO | |
| Título | L'Art |
| Resto del título | : [Microforma]. |
| 260 ## - PUBLICACIÓN, DISTRIBUCIÓN, ETC. | |
| Lugar de publicación, distribución, etc. | Madrid : |
| Nombre del editor, distribuidor, etc. | Ateneo Cientifico, Literario y Artistico, |
| Fecha de publicación, distribución, etc. | 1989. |
| 300 ## - DESCRIPCIÓN FÍSICA | |
| Extensión | 21 carretes de microfilme : |
| Otras características físicas | negativo; il. ; |
| Dimensiones | 35 mm. |
| 500 ## - NOTA GENERAL | |
| Nota general | Publicado originalmente: Paris, Hippolyte Heymann, 1875-1907, periodicidad semanal. |
| 505 8# - NOTA DE CONTENIDO CON FORMATO | |
| Nota de contenido con formato | Carrete n. 1: 1875 (p. 324) -- Carrete n. 2: 1875 a 1876 (t. I) -- Carrete n. 3: 1876 a 1877 (p. 163) -- Carrete n. 4: 1877 a 1878 (t. II) -- Carrete n. 5: 1878 a 1879 (t. II, p.218) -- Carrete n. 6: 1879 a 1880 (p 181) -- Carrete n. 7: 1880 a 1881 (t. I) -- Carrete n. 8: 1881 a 1882 (t. I) -- Carrete n. 9: 1882 a 1883 (t. I) -- Carrete n. 10: 1883 a 1884 (t. I) -- Carrete n. 11: 1884 a 1886 (t. I) -- Carrete n. 12: 1886 a 1888 (t. I) -- Carrete n. 13: 1888 a 1890 (t. I) -- Carrete n. 14: 1890 a 1892 (t. I) -- Carrete n. 15: 1892 a 1894 (t. I) -- Carrete n. 16: 1894 a 1895 (15 marzo) -- Carrete n. 17: 1896 (28 abril) a 1902 (t. II, p.259) -- Carrete n. 18: 1902 a 1903 -- Carrete n. 19: 1904 a 1905 (p. 516) -- Carrete n. 20: 1905 a 1907 (t. VIII) -- Carrete n. 21: 1907 (t. IX) |
| 650 14 - PUNTO DE ACCESO ADICIONAL DE MATERIA--TÉRMINO DE MATERIA | |
| Término de materia o nombre geográfico como elemento de entrada | Obras de 1800. |
| 9 (RLIN) | 15662 |
| 852 ## - LOCALIZACIÓN | |
| Ubicación | ES-MaACL |
| Número de control de estantería | M-45-65 |
| itemnumber | 5167 |
| Ubicación en estantería | Depósito 1 |
| 942 ## - ELEMENTOS DE ENTRADA SECUNDARIOS (KOHA) | |
| Fuente del sistema de clasificación o colocación | Clasificación decimal universal |
| Estatus retirado | Estado de pérdida | Fuente del sistema de clasificación o colocación | Estado de daño | No para préstamo | Colección | Biblioteca de origen | Biblioteca actual | Ubicación en estantería | Fecha de adquisición | Total de préstamos | Signatura topográfica completa | Código de barras | Visto por última vez | Precio de reemplazo | Tipo de ítem Koha |
|---|---|---|---|---|---|---|---|---|---|---|---|---|---|---|---|
| Clasificación decimal universal | Periódicos y Revistas | Biblioteca del Ateneo de Madrid | Biblioteca del Ateneo de Madrid | Depósito 1 | 17/01/2008 | M-45-65 | 1005113 | 23/02/2023 | 23/02/2023 | Microforma |
